Juicio político al presidente y nueva inestabilidad política en América Latina / (Registro nro. 5101)

Detalles MARC
000 -LEADER
fixed length control field 02332nam a2200325Ia 4500
003 - CONTROL NUMBER IDENTIFIER
control field OSt
005 - DATE AND TIME OF LATEST TRANSACTION
control field 20210127162638.0
008 - FIXED-LENGTH DATA ELEMENTS--GENERAL INFORMATION
fixed length control field 191128s2009 ag fr 001 0 spa d
020 ## - INTERNATIONAL STANDARD BOOK NUMBER
International Standard Book Number 9789505577903
040 ## - CATALOGING SOURCE
Original cataloging agency CO-JMCR
Transcribing agency CO-JMCR
041 1# - LANGUAGE CODE
Language code of text/sound track or separate title spa
Language code of original eng
082 04 - DEWEY DECIMAL CLASSIFICATION NUMBER
Classification number 320.098 /
Item number P272j
Edition number 21
100 1# - MAIN ENTRY--PERSONAL NAME
Personal name Pérez-Liñán, Aníbal,
Relator term autor
9 (RLIN) 1901
245 10 - TITLE STATEMENT
Title Juicio político al presidente y nueva inestabilidad política en América Latina /
Statement of responsibility, etc. Aníbal Pérez-Liñán ; traductora Silvia Villegas
250 ## - EDITION STATEMENT
Edition statement Primera edición
260 ## - PUBLICATION, DISTRIBUTION, ETC.
Place of publication, distribution, etc. Buenos Aires :
Name of publisher, distributor, etc. Fondo de Cultura Económica,
Date of publication, distribution, etc. 2009
300 ## - PHYSICAL DESCRIPTION
Extent 383 páginas ;
Dimensions 21 cm.
490 0# - SERIES STATEMENT
Series statement Política y derecho
500 ## - GENERAL NOTE
General note Incluye índice de nombres y conceptos y notas a pie de página.
500 ## - GENERAL NOTE
General note Título original: Presidential impeachment and the new political instability in Latin America.
504 ## - BIBLIOGRAPHY, ETC. NOTE
Bibliography, etc. note Bibliografía: páginas 339-372
505 0# - FORMATTED CONTENTS NOTE
Formatted contents note Las crisis institucionales en los regímenes presidenciales -- Cinco casos de juicio político y un presunto loco -- Crisis presidenciales y disminución de la intervención militar -- América Latina en la era del escándalo -- Los escándalos y la economía política de la indignación popular -- Construir un escudo legislativo: determinantes institucionales del juicio político -- Hacía un nuevo patrón de inestabilidad presidencial -- Repensar el presidencialismo -- Repensar el presidencialismo
520 3# - SUMMARY, ETC.
Summary, etc. El juicio politico al presidente ha surgido como un instrumento poderoso para desplazar a los mandatarios "indeseables" sin destruir el orden institucional. Este nuevo patron de inestabilidad llego a tener su auge durante mas de una decada en distintos paises de America Latina. De ahi, que el libro se ocupe de una forma extrema de fracaso presidencial, entre los anos 1992 y 2004, y analice los casos de presidentes que se vieron enfrentados a un juicio politico, como Fernando Collor de Mello, Carlos Andres Perez, Ernesto Samper, Abdala Bucaram, Raul Cubas Grau y Luis Gonzalez Macchi.
546 ## - LANGUAGE NOTE
Language note Traducido del inglés<br/>
650 14 - SUBJECT ADDED ENTRY--TOPICAL TERM
Topical term or geographic name entry element Juicio político
Geographic subdivision América Latina
9 (RLIN) 1902
650 14 - SUBJECT ADDED ENTRY--TOPICAL TERM
Topical term or geographic name entry element Corrupción política
Geographic subdivision América Latina
9 (RLIN) 1903
650 14 - SUBJECT ADDED ENTRY--TOPICAL TERM
Topical term or geographic name entry element Estabilidad política
Geographic subdivision América Latina
9 (RLIN) 1904
700 1# - ADDED ENTRY--PERSONAL NAME
Personal name Villegas, Silvia,
Relator term traductora
9 (RLIN) 1905
942 ## - ADDED ENTRY ELEMENTS (KOHA)
Source of classification or shelving scheme Dewey Decimal Classification
Koha item type Books
Existencias
Withdrawn status Lost status Source of classification or shelving scheme Damaged status Not for loan Collection code Home library Current library Date acquired Source of acquisition Cost, normal purchase price Total Checkouts Full call number Barcode Date last seen Copy number Koha item type
    Dewey Decimal Classification     Non-fiction Biblioteca Pública José María del Castillo y Rada Biblioteca Pública José María del Castillo y Rada 04/15/2018 Donación 0.00   320.098 / P272j 430001304 05/16/2024 Ej.1 Books